| 000 | 00598nam a2200181 a 4500 | ||
|---|---|---|---|
| 005 | 20140310183615.0 | ||
| 008 | 120903s19uu xx 00 eng d | ||
| 020 | _a9781456537876 | ||
| 050 |
_aHF 5813.P6 _b.M3 2011 |
||
| 100 | _aMacabenta, Greg B. | ||
| 245 |
_aHow to make a benta : _bannecdotes, lectures, and articles from the advertising wars / _cGreg B. Macabenta. |
||
| 260 |
_a[s.l.] : _bMinority Media Services, Inc, _c2011. |
||
| 300 |
_a289 p. : _bill. ; _c23 cm. |
||
| 521 | _aMC | ||
| 650 |
_aAdvertising _xPhilippines _xPersonal narratives |
||
| 942 |
_cBK _2lcc _kLOC |
||
| 999 |
_c25307 _d25307 |
||